[Event "II HSL Istok 2015"]
[Site "Dalj, Vukovar, Zupanja, Oraho"]
[Date "2016.04.16"]
[Round "2.44"]
[White "Vandjija, Zdenko"]
[Black "Tomerlin, Sinisa"]
[Result "1-0"]
[WhiteElo "2109"]
[BlackElo "2255"]
[PlyCount "131"]
[EventDate "2016.04.16"]
[EventType "tourn"]
[EventRounds "11"]
[Source "Croatia"]
[SourceDate "2016.04.16"]

1. d4 Nf6 2. Nf3 d6 3. Nc3 Nbd7 4. Bg5 c6 5. e4 e5 6. dxe5 dxe5 7. Bc4 Be7 8.
O-O b5 9. Bd3 O-O 10. Ne2 Qc7 11. a4 b4 12. Ng3 Nc5 13. Bxf6 Bxf6 14. Bc4 g6
15. Qe2 Ne6 16. Rfd1 Be7 17. Qe3 Kg7 18. b3 Bc5 19. Qc1 h6 20. h4 Nf4 21. Ne2
Bg4 22. Nxf4 Bxf3 23. gxf3 exf4 24. Qb2+ Kh7 25. Kg2 Qe7 26. Rh1 Rad8 27. Rae1
Bd4 28. Qc1 Qe5 29. Bd3 Rd6 30. Kf1 Qc5 31. Rh2 Be5 32. h5 Rg8 33. Qd2 Qd4 34.
Qe2 gxh5 35. Rxh5 Rdg6 36. Rh1 Rg2 37. Bc4 R8g7 38. Bxf7 Rxf7 39. Kxg2 Rg7+ 40.
Kf1 Qd7 41. Rd1 Bd4 42. Qd3 c5 43. e5+ Rg6 44. Rg1 Qh3+ 45. Ke2 Qe6 46. Rxg6
Qxg6 47. Qxg6+ Kxg6 48. e6 Kf6 49. Rh1 Kxe6 50. Rxh6+ Kd5 51. Kd3 Bxf2 52. Ra6
c4+ 53. bxc4+ Ke5 54. Ra5+ Kd6 55. Rb5 Bc5 56. Rb8 Kc6 57. Ke4 Bd6 58. Rb5 Bc5
59. Kd3 a6 60. Rb8 Bd6 61. Rh8 Bc5 62. Rh5 Kb6 63. Rf5 Be3 64. a5+ Kc6 65. Rf6+
Kb7 66. Ke4 1-0

[Event "II HSL Istok 2015"]
[Site "Dalj, Vukovar, Zupanja, Oraho"]
[Date "2016.04.16"]
[Round "2.45"]
[White "Grguric, Zeljko"]
[Black "Ivankovic, Marko"]
[Result "1-0"]
[WhiteElo "2095"]
[BlackElo "1987"]
[PlyCount "58"]
[EventDate "2016.04.16"]
[EventType "tourn"]
[EventRounds "11"]
[Source "Croatia"]
[SourceDate "2016.04.16"]

1. Nc3 d5 2. e4 d4 3. Nce2 e5 4. Ng3 Nf6 5. Bc4 c5 6. d3 Nc6 7. a3 g6 8. N1e2
Bg7 9. O-O O-O 10. f4 exf4 11. Bxf4 Ng4 12. c3 dxc3 13. bxc3 Bxc3 14. Nxc3 Qd4+
15. Kh1 Qxc3 16. h3 Nge5 17. Ne2 Qa5 18. Bd5 Qd8 19. Qd2 Qd6 20. Qc3 g5 21.
Bxg5 Ne7 22. Bxe7 Qxe7 23. Rac1 Rb8 24. d4 cxd4 25. Nxd4 Ng6 26. Qg3 Qe5 27.
Qxe5 Nxe5 28. Rc7 a6 29. Nf5 Nd7 1-0

[Event "II HSL Istok 2015"]
[Site "Dalj, Vukovar, Zupanja, Oraho"]
[Date "2016.04.16"]
[Round "2.46"]
[White "Knezevic, Goran"]
[Black "Jozic, Zoran"]
[Result "1/2-1/2"]
[WhiteElo "1884"]
[BlackElo "1951"]
[PlyCount "74"]
[EventDate "2016.04.16"]
[EventType "tourn"]
[EventRounds "11"]
[Source "Croatia"]
[SourceDate "2016.04.16"]

1. e4 c5 2. Nf3 a6 3. c3 Nf6 4. e5 Nd5 5. d4 cxd4 6. cxd4 e6 7. Bc4 Bb4+ 8. Bd2
Bxd2+ 9. Qxd2 Nb6 10. Bb3 d5 11. exd6 Qxd6 12. Nc3 N8d7 13. O-O Nf6 14. Qg5 O-O
15. Rad1 h6 16. Qe5 Rd8 17. Rfe1 Nbd5 18. h3 b6 19. Ne4 Qxe5 20. dxe5 Nxe4 21.
Rxe4 Bb7 22. Red4 Rdc8 23. Nd2 Rc7 24. Ne4 Nf4 25. Re1 Bd5 26. Bxd5 Nxd5 27.
Rd2 Rac8 28. Nd6 Rc1 29. Kf1 R8c2 30. Rxc2 Rxc2 31. Re2 Rc1+ 32. Re1 Rc6 33.
Ne4 b5 34. a3 a5 35. g3 Kf8 36. Re2 Ke7 37. f4 b4 1/2-1/2

[Event "II HSL Istok 2015"]
[Site "Dalj, Vukovar, Zupanja, Oraho"]
[Date "2016.04.16"]
[Round "2.51"]
[White "Majeric, Zoran"]
[Black "Vitic, Ivan"]
[Result "1/2-1/2"]
[WhiteElo "2235"]
[BlackElo "2307"]
[PlyCount "90"]
[EventDate "2016.04.16"]
[EventType "tourn"]
[EventRounds "11"]
[Source "Croatia"]
[SourceDate "2016.04.16"]

1. e4 c5 2. Nf3 d6 3. Bb5+ Nd7 4. O-O a6 5. Bxd7+ Bxd7 6. d4 cxd4 7. Qxd4 Rc8
8. Nc3 e5 9. Qb4 b5 10. a4 a5 11. Qb3 b4 12. Nd5 Nf6 13. Bg5 Be7 14. Bxf6 Bxf6
15. Rfd1 O-O 16. Qd3 Bc6 17. c4 bxc3 18. Nxc3 Qb6 19. Qe2 Rfd8 20. h4 Rb8 21.
Nd5 Qxb2 22. Nxf6+ gxf6 23. Qe3 Kg7 24. Nd2 Qb7 25. Rab1 Qa8 26. Rxb8 Qxb8 27.
Qg3+ Kf8 28. Qf3 Ke7 29. Nf1 Bd7 30. Ng3 Rg8 31. Nf5+ Bxf5 32. Qxf5 h6 33. Rc1
Qb7 34. Qf3 Rc8 35. Rxc8 Qxc8 36. Qe3 Qb7 37. f3 h5 38. Qh6 Qb4 39. Qxh5 Qxa4
40. Qh8 Qd1+ 41. Kh2 Qe1 42. Kh3 Qh1+ 43. Kg3 Qe1+ 44. Kh3 Qh1+ 45. Kg3 Qe1+
1/2-1/2

[Event "II HSL Istok 2015"]
[Site "Dalj, Vukovar, Zupanja, Oraho"]
[Date "2016.04.16"]
[Round "2.52"]
[White "Sasvari, Zelimir"]
[Black "Radulovic, Bojan"]
[Result "1-0"]
[WhiteElo "2184"]
[BlackElo "2250"]
[PlyCount "117"]
[EventDate "2016.04.16"]
[EventType "tourn"]
[EventRounds "11"]
[Source "Croatia"]
[SourceDate "2016.04.16"]

1. c4 Nf6 2. Nc3 e6 3. Nf3 d5 4. cxd5 exd5 5. d4 h6 6. Bf4 c6 7. Qc2 Bd6 8. Bg3
O-O 9. e3 Re8 10. Bd3 b6 11. O-O Bb7 12. Rab1 Bxg3 13. hxg3 Nbd7 14. b4 Qe7 15.
Rfc1 b5 16. a4 a6 17. a5 Rad8 18. Nd2 Qd6 19. Ne2 Qe7 20. Bf5 Nf8 21. Nb3 g6
22. Bd3 N8d7 23. Nf4 g5 24. Ne2 Ne4 25. Bxe4 Qxe4 26. Qxe4 Rxe4 27. Nc5 Nxc5
28. Rxc5 f5 29. Rbc1 Rd6 30. R1c2 Kf7 31. R5c3 Rde6 32. Kf1 h5 33. Ke1 f4 34.
gxf4 gxf4 35. Kd2 fxe3+ 36. fxe3 Rf6 37. Ke1 h4 38. Ng1 Ke7 39. Rf2 Rxf2 40.
Kxf2 Kf6 41. Nf3 Re6 42. Nxh4 Kg5 43. Nf3+ Kf5 44. Rc1 Rh6 45. Ne5 Ke4 46. Rc3
Rh7 47. Ke2 Rh2 48. Kf1 Rh1+ 49. Kf2 Rh7 50. g4 Rh2+ 51. Kg3 Re2 52. g5 Kf5 53.
g6 Kf6 54. Kf3 Rb2 55. Nxc6 Kxg6 56. Nd8 Ba8 57. Rc8 Rxb4 58. Rxa8 Rc4 59.
Rxa6+ 1-0

[Event "II HSL Istok 2015"]
[Site "Dalj, Vukovar, Zupanja, Oraho"]
[Date "2016.04.16"]
[Round "2.53"]
[White "Lukic, Milutin"]
[Black "Susnjar, Miroslav"]
[Result "1-0"]
[WhiteElo "1988"]
[BlackElo "2179"]
[PlyCount "37"]
[EventDate "2016.04.16"]
[EventType "tourn"]
[EventRounds "11"]
[Source "Croatia"]
[SourceDate "2016.04.16"]

1. d4 Nf6 2. c3 d5 3. Nf3 g6 4. Bf4 Bg7 5. e3 b6 6. Bb5+ c6 7. Bxb8 cxb5 8. Be5
O-O 9. Qb3 a6 10. Nbd2 Bb7 11. h3 Qd7 12. g4 Qc6 13. g5 Nd7 14. Bxg7 Kxg7 15.
h4 Qe6 16. O-O-O Qf5 17. Qc2 Qxc2+ 18. Kxc2 Rac8 19. Kb3 1-0

[Event "II HSL Istok 2015"]
[Site "Dalj, Vukovar, Zupanja, Oraho"]
[Date "2016.04.16"]
[Round "2.54"]
[White "Tomicic, Zvonimir"]
[Black "Kitarovic, Mihajlo"]
[Result "1-0"]
[WhiteElo "2191"]
[BlackElo "2017"]
[PlyCount "107"]
[EventDate "2016.04.16"]
[EventType "tourn"]
[EventRounds "11"]
[Source "Croatia"]
[SourceDate "2016.04.16"]

1. Nf3 d5 2. g3 c5 3. Bg2 Nc6 4. O-O e5 5. d3 Nf6 6. Nbd2 Bd6 7. e4 d4 8. a4
O-O 9. Re1 Bg4 10. h3 Bd7 11. Nc4 Bc7 12. Bg5 h6 13. Bd2 a6 14. a5 Be6 15. Nh4
Bxc4 16. dxc4 Nxa5 17. Qe2 Nc6 18. Nf5 Kh7 19. g4 d3 20. cxd3 Nd4 21. Nxd4 cxd4
22. g5 Ng8 23. h4 Qd7 24. Kh2 Qe7 25. Bh3 Rad8 26. Rg1 Rd6 27. Bb4 Qd8 28. Bxd6
Qxd6 29. Rg3 g6 30. h5 Bd8 31. hxg6+ fxg6 32. gxh6 Qf6 33. Kg2 Qd6 34. Rg1 Nxh6
35. Rf3 Rg8 36. Rh1 Bg5 37. Bg4 Kg7 38. Bh3 Bf4 39. Qc2 Nf7 40. c5 Qc6 41. Qc4
Rd8 42. Be6 Ng5 43. Bd5 Qf6 44. Qb3 b5 45. Qd1 Rf8 46. c6 a5 47. Rfh3 Nxh3 48.
Rxh3 Bg3 49. fxg3 Qf2+ 50. Kh1 Qf6 51. Rh2 a4 52. Qe2 Qg5 53. Kg2 b4 54. Rh1
1-0

[Event "II HSL Istok 2015"]
[Site "Dalj, Vukovar, Zupanja, Oraho"]
[Date "2016.04.16"]
[Round "2.55"]
[White "Nikolic, Milenko"]
[Black "Kovacevic, Srecko"]
[Result "1-0"]
[WhiteElo "2016"]
[BlackElo "2079"]
[PlyCount "131"]
[EventDate "2016.04.16"]
[EventType "tourn"]
[EventRounds "11"]
[Source "Croatia"]
[SourceDate "2016.04.16"]

1. c4 Nf6 2. Nc3 c5 3. g3 Nc6 4. Bg2 e6 5. e4 d6 6. Nge2 Be7 7. O-O O-O 8. d3
Bd7 9. a3 a6 10. Rb1 Rb8 11. b4 cxb4 12. axb4 b5 13. cxb5 axb5 14. d4 Ne8 15.
Qd3 Nc7 16. f4 d5 17. Ba3 dxe4 18. Nxe4 Nd5 19. Nc5 Bxc5 20. dxc5 Nce7 21. Nd4
g6 22. Rfc1 Qe8 23. Rb2 Rc8 24. Rbc2 Nc6 25. Bxd5 Nxd4 26. Qxd4 exd5 27. Bb2 f6
28. Qxd5+ Kg7 29. Qf3 Bc6 30. Qe2 Qf7 31. Rd2 Rfe8 32. Qf2 Qe6 33. Rd4 Rcd8 34.
Rcd1 Rd5 35. Rxd5 Bxd5 36. Qd4 Bc6 37. Bc3 Rf8 38. Re1 Qh3 39. Re2 Rf7 40. Qe3
h5 41. Qe6 Bd7 42. Qxh3 Bxh3 43. Kf2 Bg4 44. Rd2 Kg8 45. c6 Rc7 46. Rd6 Re7 47.
Bxf6 Re2+ 48. Kf1 Rxh2 49. Bd4 Rd2 50. c7 Kf7 51. Rd8 Rd1+ 52. Kf2 Rd2+ 53. Ke3
Re2+ 54. Kd3 Re8 55. Be5 g5 56. Kd4 h4 57. gxh4 gxh4 58. Kc5 Bf5 59. Rd2 h3 60.
Kxb5 Be4 61. Rd7+ Kg6 62. Rd8 h2 63. f5+ Bxf5 64. Bxh2 Kf7 65. Bd6 Bc8 66. Kc6
1-0

[Event "II HSL Istok 2015"]
[Site "Dalj, Vukovar, Zupanja, Oraho"]
[Date "2016.04.16"]
[Round "2.56"]
[White "Sesar, Ante"]
[Black "Popov, Radmila"]
[Result "0-1"]
[WhiteElo "1678"]
[BlackElo "1918"]
[PlyCount "122"]
[EventDate "2016.04.16"]
[EventType "tourn"]
[EventRounds "11"]
[Source "Croatia"]
[SourceDate "2016.04.16"]

1. d4 d5 2. Nf3 h6 3. Nc3 c6 4. Bf4 Bf5 5. e3 Nd7 6. Be2 Ngf6 7. h3 e6 8. O-O
Be7 9. a3 a6 10. Bd3 Bxd3 11. Qxd3 c5 12. b3 b5 13. Rfe1 c4 14. bxc4 dxc4 15.
Qe2 O-O 16. Ne5 Rc8 17. Qf3 Nxe5 18. Bxe5 Nd7 19. Bg3 Nf6 20. Ne2 Qd5 21. Qxd5
Nxd5 22. e4 Nb6 23. c3 Na4 24. Reb1 f5 25. e5 Bd8 26. Ra2 Ba5 27. Rc2 Nb6 28.
Nf4 Rce8 29. Rd1 Na4 30. Rdc1 Nb6 31. Rb1 Nd5 32. Nxd5 exd5 33. f4 g5 34. Rd1
Re6 35. fxg5 f4 36. Bh4 f3 37. g4 hxg5 38. Bg3 Bb6 39. Rf1 a5 40. Rcf2 b4 41.
Rxf3 Rxf3 42. Rxf3 bxc3 43. Rf1 Bxd4+ 44. Kg2 Be3 45. Kf3 d4 46. Ke4 c2 47. Kd5
Rb6 48. e6 Rxe6 49. Kxe6 d3 50. Bd6 Bf4 51. Bxf4 gxf4 52. Rxf4 c1=Q 53. Rf5 c3
54. Rd5 Qe3+ 55. Kf6 Qb6+ 56. Ke7 d2 57. Rg5+ Kh7 58. h4 Qe3+ 59. Kf7 Qf4+ 60.
Ke6 Qxg5 61. hxg5 Kg6 0-1

[Event "II HSL Istok 2015"]
[Site "Dalj, Vukovar, Zupanja, Oraho"]
[Date "2016.04.16"]
[Round "2.62"]
[White "Basic, Kresimir"]
[Black "Grandic, Zvjezdan"]
[Result "1/2-1/2"]
[WhiteElo "2082"]
[BlackElo "2191"]
[PlyCount "21"]
[EventDate "2016.04.16"]
[EventType "tourn"]
[EventRounds "11"]
[Source "Croatia"]
[SourceDate "2016.04.16"]

1. Nf3 c6 2. g3 Nf6 3. Bg2 g6 4. d4 Bg7 5. O-O O-O 6. Nc3 d6 7. e4 Bg4 8. Be3
Nbd7 9. h3 Bxf3 10. Bxf3 e5 11. dxe5 1/2-1/2

[Event "II HSL Istok 2015"]
[Site "Dalj, Vukovar, Zupanja, Oraho"]
[Date "2016.04.16"]
[Round "2.65"]
[White "Sulc, Gordana"]
[Black "Sucurovic, Jure"]
[Result "1/2-1/2"]
[WhiteElo "1881"]
[BlackElo "1985"]
[PlyCount "21"]
[EventDate "2016.04.16"]
[EventType "tourn"]
[EventRounds "11"]
[Source "Croatia"]
[SourceDate "2016.04.16"]

1. e4 e6 2. d4 c5 3. Nf3 a6 4. Be3 cxd4 5. Nxd4 Nf6 6. Bd3 d6 7. c4 Nc6 8. Nc3
Bd7 9. Rc1 Rc8 10. b3 Be7 11. O-O 1/2-1/2

[Event "II HSL Istok 2015"]
[Site "Dalj, Vukovar, Zupanja, Oraho"]
[Date "2016.04.17"]
[Round "3.11"]
[White "Feltan, Mario"]
[Black "Bosnjak, Petar"]
[Result "0-1"]
[WhiteElo "2143"]
[BlackElo "2310"]
[PlyCount "88"]
[EventDate "2016.04.16"]
[EventType "tourn"]
[EventRounds "11"]
[Source "Croatia"]
[SourceDate "2016.04.16"]

1. e4 d6 2. d4 Nf6 3. Bd3 e5 4. c3 g6 5. Nf3 Nbd7 6. O-O Bg7 7. Re1 O-O 8. Nbd2
b6 9. Qc2 Bb7 10. dxe5 dxe5 11. Nb3 a5 12. a4 Qe7 13. h3 Rfd8 14. Be3 Nf8 15.
Rad1 Nh5 16. Nc1 Ne6 17. Bf1 h6 18. Nh2 Ng5 19. f3 Ne6 20. Bc4 Nhf4 21. Ne2 Qg5
22. Nxf4 Nxf4 23. Kh1 h5 24. Bxf4 Qxf4 25. Rxd8+ Rxd8 26. Rd1 Qf6 27. Nf1 Bh6
28. Rd3 Kg7 29. Qd1 Rxd3 30. Qxd3 Bc8 31. Kg1 h4 32. Kf2 Bf4 33. b3 c6 34. b4
Qe7 35. Qb1 Qa7 36. Ke2 b5 37. axb5 cxb5 38. Bxb5 Qg1 39. Qd3 Qxg2+ 40. Kd1
axb4 41. cxb4 Qb2 42. Ne3 Bxh3 43. Qd2 Qb1+ 44. Ke2 Bf1+ 0-1

[Event "II HSL Istok 2015"]
[Site "Dalj, Vukovar, Zupanja, Oraho"]
[Date "2016.04.17"]
[Round "3.12"]
[White "Maras, Mile"]
[Black "Basic, Kresimir"]
[Result "1-0"]
[WhiteElo "2214"]
[BlackElo "2082"]
[PlyCount "77"]
[EventDate "2016.04.16"]
[EventType "tourn"]
[EventRounds "11"]
[Source "Croatia"]
[SourceDate "2016.04.16"]

1. d4 Nf6 2. Nf3 g6 3. g3 Bg7 4. Bg2 O-O 5. O-O d6 6. Nc3 Nc6 7. d5 Nb8 8. Nd4
a5 9. a4 Na6 10. h3 Nc5 11. e4 e5 12. dxe6 fxe6 13. Be3 e5 14. Nb3 Nxb3 15.
cxb3 Be6 16. Nd5 Nd7 17. Rc1 c6 18. Nc3 Qe7 19. Nb1 Rfc8 20. Na3 Bf8 21. Rc3
Qf7 22. f4 Qe7 23. f5 Bf7 24. h4 gxf5 25. Bg5 Qe8 26. Rxf5 Be6 27. Rf1 h6 28.
Bc1 Qg6 29. Nc4 Bg4 30. Qe1 b5 31. Ne3 b4 32. Rc2 Be6 33. Rcf2 Bxb3 34. Bh3 Be6
35. h5 Qe8 36. Bxe6+ Qxe6 37. Nf5 d5 38. Qe2 Bc5 39. Qg4+ 1-0

[Event "II HSL Istok 2015"]
[Site "Dalj, Vukovar, Zupanja, Oraho"]
[Date "2016.04.17"]
[Round "3.13"]
[White "Dermisek, Stipa"]
[Black "Milurovic, Uros"]
[Result "0-1"]
[WhiteElo "2081"]
[BlackElo "2098"]
[PlyCount "78"]
[EventDate "2016.04.16"]
[EventType "tourn"]
[EventRounds "11"]
[Source "Croatia"]
[SourceDate "2016.04.16"]

1. d4 Nf6 2. Nf3 e6 3. c4 Bb4+ 4. Nbd2 Nc6 5. Qc2 d6 6. a3 Bxd2+ 7. Bxd2 O-O 8.
e3 a5 9. Bd3 e5 10. d5 Ne7 11. Ng5 h6 12. h4 c6 13. dxc6 bxc6 14. Bc3 Qc7 15.
Nf3 Ng4 16. e4 f5 17. O-O-O fxe4 18. Bxe4 Bf5 19. Rd2 Bxe4 20. Qxe4 Rf4 21. Qe2
Nf6 22. c5 Re4 23. cxd6 Qxd6 24. Qd1 Qe6 25. Rd8+ Rxd8 26. Qxd8+ Kf7 27. Rd1 a4
28. Rd6 Qc4 29. Nd2 Re1+ 30. Kc2 Qc5 31. f3 Ned5 32. Qb8 Ne3+ 33. Kd3 Nxg2 34.
Qb7+ Kg8 35. Qc8+ Kf7 36. Qe6+ Kg6 37. Rxc6 Nf4+ 38. Kc2 Nxe6 39. Rxc5 Nxc5 0-1

[Event "II HSL Istok 2015"]
[Site "Dalj, Vukovar, Zupanja, Oraho"]
[Date "2016.04.17"]
[Round "3.14"]
[White "Pavlovic, Zeljko"]
[Black "Sucurovic, Jure"]
[Result "1-0"]
[WhiteElo "2031"]
[BlackElo "1985"]
[PlyCount "81"]
[EventDate "2016.04.16"]
[EventType "tourn"]
[EventRounds "11"]
[Source "Croatia"]
[SourceDate "2016.04.16"]

1. d4 Nf6 2. Nf3 g6 3. c4 c5 4. d5 d6 5. Nc3 a6 6. a4 Bg7 7. e4 Qc7 8. h3 O-O
9. Bd3 e5 10. O-O h6 11. Be3 Kh7 12. Nh2 Nbd7 13. Qd2 Ng8 14. f4 exf4 15. Bxf4
Ne5 16. Nf3 f6 17. Rab1 a5 18. Nb5 Qe7 19. Qc2 Bd7 20. Nd2 b6 21. Rbe1 Be8 22.
b3 Qd8 23. Nf3 Ne7 24. Kh2 g5 25. Bxe5 fxe5 26. g3 Ng6 27. Qd2 Bxb5 28. cxb5
Ra7 29. Re2 Raf7 30. Ref2 Qe7 31. Qe2 Kg8 32. Nd2 Bf6 33. Nc4 Qc7 34. Qg4 Kg7
35. Qe6 h5 36. Nxd6 h4 37. Rxf6 hxg3+ 38. Kxg3 Rxf6 39. Rxf6 Rxf6 40. Ne8+ Kh7
41. Nxc7 1-0

[Event "II HSL Istok 2015"]
[Site "Dalj, Vukovar, Zupanja, Oraho"]
[Date "2016.04.17"]
[Round "3.15"]
[White "Coric, Zeljko"]
[Black "Majer, Zvonimir"]
[Result "1/2-1/2"]
[WhiteElo "2023"]
[BlackElo "1866"]
[PlyCount "70"]
[EventDate "2016.04.16"]
[EventType "tourn"]
[EventRounds "11"]
[Source "Croatia"]
[SourceDate "2016.04.16"]

1. d4 d5 2. c4 c6 3. e3 Nf6 4. Nc3 e6 5. Nf3 Bd6 6. c5 Bc7 7. a3 Nbd7 8. b4 a6
9. Bb2 e5 10. dxe5 Nxe5 11. Nxe5 Bxe5 12. Na4 Bxb2 13. Nxb2 Bf5 14. Bd3 Ne4 15.
Bxe4 Bxe4 16. f3 Bf5 17. O-O Qg5 18. Qd4 O-O 19. Rae1 Rad8 20. Nd3 Bxd3 21.
Qxd3 Rfe8 22. Re2 Re6 23. Rfe1 g6 24. Qd4 Qe7 25. Kf2 f5 26. g3 Kf7 27. Qf4 Kg7
28. Qd4+ Qf6 29. Rd1 Rde8 30. Qxf6+ Kxf6 31. Rd4 g5 32. Re1 h5 33. h3 R8e7 34.
Re2 Re8 35. Re1 R8e7 1/2-1/2

[Event "II HSL Istok 2015"]
[Site "Dalj, Vukovar, Zupanja, Oraho"]
[Date "2016.04.17"]
[Round "3.16"]
[White "Kanjkovic, Marijan"]
[Black "Faletar, Slavko"]
[Result "1/2-1/2"]
[WhiteElo "1913"]
[BlackElo "1850"]
[PlyCount "95"]
[EventDate "2016.04.16"]
[EventType "tourn"]
[EventRounds "11"]
[Source "Croatia"]
[SourceDate "2016.04.16"]

1. d4 Nf6 2. Nc3 d5 3. Qd3 c6 4. e4 dxe4 5. Nxe4 Nxe4 6. Qxe4 g6 7. c3 Bg7 8.
Bc4 O-O 9. Nf3 Bf5 10. Qh4 b5 11. Bb3 e6 12. Bg5 f6 13. Be3 Re8 14. O-O Nd7 15.
Rfd1 g5 16. Qh5 Bg6 17. Qh3 Qe7 18. Qg3 a5 19. a3 Nb6 20. h4 h6 21. hxg5 hxg5
22. Qg4 Qf7 23. Re1 Nd5 24. Bd2 Bf5 25. Qg3 Rad8 26. a4 b4 27. Bxd5 cxd5 28.
cxb4 Bf8 29. Nxg5 fxg5 30. Bxg5 Qg6 31. Qh4 Rd7 32. Re3 Bd6 33. Bf4 Rh7 34. Qg5
Qxg5 35. Bxg5 Bh2+ 36. Kf1 Bf4 37. Bxf4 Rh1+ 38. Ke2 Rxa1 39. b5 Rxa4 40. Bd6
Rxd4 41. b6 Rc4 42. Rb3 d4 43. b7 d3+ 44. Kd1 d2 45. b8=Q Rxb8 46. Rxb8+ Kh7
47. Be5 Rc5 48. Bc3 1/2-1/2

[Event "II HSL Istok 2015"]
[Site "Dalj, Vukovar, Zupanja, Oraho"]
[Date "2016.04.17"]
[Round "3.31"]
[White "Stipandic, Marko"]
[Black "Majeric, Zoran"]
[Result "0-1"]
[WhiteElo "2049"]
[BlackElo "2235"]
[PlyCount "42"]
[EventDate "2016.04.16"]
[EventType "tourn"]
[EventRounds "11"]
[Source "Croatia"]
[SourceDate "2016.04.16"]

1. d4 Nf6 2. c4 e5 3. dxe5 Ng4 4. Nf3 Bc5 5. e3 Nc6 6. Be2 O-O 7. h3 Ngxe5 8.
Nxe5 Nxe5 9. O-O Re8 10. Nc3 a5 11. Nd5 c6 12. Nf4 d6 13. Nd3 Bb6 14. Nxe5 dxe5
15. Qxd8 Rxd8 16. Rd1 Bf5 17. Kf1 a4 18. Ke1 Ba5+ 19. Bd2 Rxd2 20. Rxd2 Rd8 21.
Rad1 Bc2 0-1

[Event "II HSL Istok 2015"]
[Site "Dalj, Vukovar, Zupanja, Oraho"]
[Date "2016.04.17"]
[Round "3.33"]
[White "Vidalina, Franja"]
[Black "Lukic, Milutin"]
[Result "0-1"]
[WhiteElo "2059"]
[BlackElo "1988"]
[PlyCount "81"]
[EventDate "2016.04.16"]
[EventType "tourn"]
[EventRounds "11"]
[Source "Croatia"]
[SourceDate "2016.04.16"]

1. e4 c6 2. d4 d5 3. exd5 cxd5 4. c4 Nf6 5. Nc3 e6 6. Nf3 Nc6 7. a3 Be7 8. Bd3
O-O 9. O-O b6 10. Be3 Ba6 11. Qa4 Na5 12. Ne5 dxc4 13. Nxc4 Bxc4 14. Bxc4 Nxc4
15. Qxc4 Qd7 16. Rfd1 Rfc8 17. Qd3 Bd6 18. h3 Bb8 19. Ne4 Nd5 20. Ng5 g6 21.
Bd2 Bf4 22. Ne4 Bxd2 23. Qxd2 Kg7 24. Rac1 Rxc1 25. Rxc1 Rd8 26. Qg5 f6 27. Qg3
h6 28. h4 Kf7 29. Qf3 Kg7 30. h5 g5 31. g3 f5 32. Nd2 Nf6 33. Nb3 Qf7 34. Rc6
Ng4 35. Qh1 Rd7 36. Rc3 Nf6 37. Qc6 Nxh5 38. Re3 Re7 39. Qd6 Nf6 40. Qe5 Kg6
41. Re2 0-1

[Event "II HSL Istok 2015"]
[Site "Dalj, Vukovar, Zupanja, Oraho"]
[Date "2016.04.17"]
[Round "3.34"]
[White "Kitarovic, Mihajlo"]
[Black "Vandjija, Zdenko"]
[Result "0-1"]
[WhiteElo "2017"]
[BlackElo "2109"]
[PlyCount "74"]
[EventDate "2016.04.16"]
[EventType "tourn"]
[EventRounds "11"]
[Source "Croatia"]
[SourceDate "2016.04.16"]

1. d4 Nf6 2. c4 d6 3. Nc3 c6 4. e4 Nbd7 5. Nf3 e5 6. Bd3 Qc7 7. O-O Be7 8. h3
O-O 9. Bg5 Re8 10. a3 Nf8 11. d5 Ng6 12. b4 a5 13. Be3 Bf8 14. Qc2 h6 15. Rfe1
Nf4 16. Bf1 g5 17. Kh2 cxd5 18. Bxf4 exf4 19. exd5 Rxe1 20. Rxe1 axb4 21. axb4
Qb6 22. b5 Bg7 23. Bd3 g4 24. Nh4 Qxf2 25. Qxf2 g3+ 26. Kg1 gxf2+ 27. Kxf2 Ra3
28. Ne4 Rxd3 29. Nxd6 Bd7 30. Nxb7 Nxd5 31. Nf3 Ne3 32. Nc5 Rd6 33. Ne4 Rg6 34.
Nh4 Rb6 35. Nc5 Bc8 36. Rc1 Bb2 37. Na4 Rxb5 0-1

[Event "II HSL Istok 2015"]
[Site "Dalj, Vukovar, Zupanja, Oraho"]
[Date "2016.04.17"]
[Round "3.35"]
[White "Ivankovic, Marko"]
[Black "Nikolic, Milenko"]
[Result "0-1"]
[WhiteElo "1987"]
[BlackElo "2016"]
[PlyCount "108"]
[EventDate "2016.04.16"]
[EventType "tourn"]
[EventRounds "11"]
[Source "Croatia"]
[SourceDate "2016.04.16"]

1. e4 d6 2. d4 Nd7 3. Nf3 g6 4. Bd3 Bg7 5. O-O c6 6. c3 e5 7. Be3 Ngf6 8. Qc1
h6 9. a4 Qc7 10. Na3 Ng4 11. Bd2 b6 12. Nc2 Bb7 13. b4 a5 14. bxa5 Rxa5 15. h3
Ngf6 16. Re1 Ra7 17. Ne3 O-O 18. Nc4 Kh7 19. Qb2 Rfa8 20. Bc2 Ba6 21. Ne3 Ng8
22. Reb1 Be2 23. Nh2 Ba6 24. d5 c5 25. c4 Ngf6 26. Nf3 Nh5 27. Bb3 Nf4 28. Nd1
Ne2+ 29. Kh1 Rf8 30. Be1 Nd4 31. Nd2 Bc8 32. Nc3 Ba6 33. Nb5 Bxb5 34. axb5 Rfa8
35. Bd1 h5 36. Nf3 Bh6 37. Bc3 Nf6 38. Bc2 Nxf3 39. gxf3 Qd7 40. Kg2 h4 41.
Rxa7 Qxa7 42. Ra1 Qb7 43. Ra3 Nh5 44. Qa1 Rxa3 45. Qxa3 Nf4+ 46. Kf1 Qd7 47.
Ba5 Qxh3+ 48. Ke1 Qh1+ 49. Kd2 Nxd5+ 50. Ke2 Nf4+ 51. Ke3 bxa5 52. Kd2 Ne6+ 53.
Kc3 Qxf3+ 54. Bd3 Nf4 0-1

[Event "II HSL Istok 2015"]
[Site "Dalj, Vukovar, Zupanja, Oraho"]
[Date "2016.04.17"]
[Round "3.36"]
[White "Popov, Radmila"]
[Black "Knezevic, Goran"]
[Result "0-1"]
[WhiteElo "1918"]
[BlackElo "1884"]
[PlyCount "88"]
[EventDate "2016.04.16"]
[EventType "tourn"]
[EventRounds "11"]
[Source "Croatia"]
[SourceDate "2016.04.16"]

1. d4 d5 2. Bf4 Nf6 3. h3 Bf5 4. e3 e6 5. Be2 Bd6 6. Bxd6 Qxd6 7. c3 O-O 8. Nf3
c5 9. dxc5 Qxc5 10. Qd4 Qc7 11. O-O Nc6 12. Qd1 h6 13. Nd4 Bh7 14. Nd2 a6 15.
Rc1 Rac8 16. Nxc6 Qxc6 17. Nf3 b5 18. Nd4 Qd7 19. Bd3 Bxd3 20. Qxd3 Ne4 21. f3
Nc5 22. Qd2 Rfd8 23. Rfd1 Qe7 24. Qe2 Qh4 25. Nb3 Nd7 26. Rd4 Qf6 27. Rcd1 Nb6
28. Na5 Nc4 29. Nxc4 Rxc4 30. e4 Rxd4 31. Rxd4 dxe4 32. Qxe4 Rxd4 33. cxd4 Qd8
34. Qd3 Qd5 35. f4 Qxa2 36. Qc3 Qc4 37. Qe3 a5 38. b3 Qd5 39. g3 a4 40. bxa4
bxa4 41. Qc3 Qb3 42. Qc8+ Kh7 43. f5 Qxg3+ 44. Kf1 Qxh3+ 0-1

[Event "II HSL Istok 2015"]
[Site "Dalj, Vukovar, Zupanja, Oraho"]
[Date "2016.04.17"]
[Round "3.41"]
[White "Lalic, Kristijan"]
[Black "Saric, Sinisa"]
[Result "0-1"]
[WhiteElo "2273"]
[BlackElo "2437"]
[PlyCount "130"]
[EventDate "2016.04.16"]
[EventType "tourn"]
[EventRounds "11"]
[Source "Croatia"]
[SourceDate "2016.04.16"]

1. e4 d5 2. exd5 Qxd5 3. Nc3 Qd6 4. d4 Nf6 5. Bc4 c6 6. Be3 Bf5 7. Nf3 Nbd7 8.
Qd2 e6 9. Bf4 Qb4 10. Bb3 Be7 11. O-O h6 12. Rfe1 O-O 13. h3 Qb6 14. Rad1 Rad8
15. Qe2 Rfe8 16. Na4 Qa5 17. Ne5 Nxe5 18. Bxe5 Nd7 19. Bf4 Bf8 20. Qf3 Qa6 21.
Nc3 b5 22. Ne4 c5 23. Nxc5 Bxc5 24. dxc5 Nxc5 25. Qg3 Kh7 26. Be5 Bg6 27. Bd4
Nxb3 28. Qxb3 e5 29. Be3 f5 30. Rxd8 Rxd8 31. f4 e4 32. Rc1 Rd7 33. a3 Bh5 34.
Qb4 Qg6 35. Kh2 a6 36. Rg1 Bd1 37. Qc5 Qe6 38. c3 Rd3 39. Qa7 Qg6 40. Re1 h5
41. Qe7 Bb3 42. Qh4 Kg8 43. Qg5 Qxg5 44. fxg5 h4 45. g3 hxg3+ 46. Kxg3 Kf7 47.
Kf4 Ke6 48. h4 g6 49. Re2 Bd1 50. Rd2 Kd5 51. Rxd3+ exd3 52. Bd4 Kc4 53. Ke3
Be2 54. b4 f4+ 55. Kd2 Bg4 56. Be5 f3 57. Bg3 Bf5 58. Be1 Kb3 59. Bf2 Kxa3 60.
Be1 Kb3 61. Bf2 Bg4 62. Be1 Kc4 63. Ke3 Kd5 64. Bg3 Ke6 65. Be1 Kf5 0-1